000 00358nam a22001457a 4500
008 210602b ||||| |||| 00| 0 eng d
020 _a9780803623040
041 _aeng
080 _24th
_a610.73
082 _a610.73
100 _a1
101 _aINF
245 _aLaboratory Diagnostic Tests with Nursing Implications
_cMickey L. Bladh
942 _2udc
_cBK
999 _c57892
_d57892